| 000 | 00378nam a22001217a 4500 | ||
|---|---|---|---|
| 082 | _a315.49105 | ||
| 100 | _aState Bank of Pakistan | ||
| 245 |
_aMonthly Statistical Bulletin September 2010 _cState Bank of Pakistan |
||
| 260 |
_aKarachi _bStatistics and Data Warehouse Deptt _c2010 |
||
| 300 | _a250p | ||
| 942 |
_2ddc _cBK |
||
| 999 |
_c586162 _d586162 |
||